[Event "Torino op 53rd"]
[Site "Torino"]
[Date "2024.01.03"]
[Round "3"]
[White "Centamore, Alberto"]
[Black "Mallet, Lionel"]
[Result "1-0"]
[WhiteElo "2127"]
[BlackElo "2037"]
[PlyCount "91"]
[EventDate "2024.01.02"]
[EventType "swiss"]
[EventRounds "9"]
[EventCountry "ITA"]
[SourceTitle "CB02_2024"]
[SourceDate "2024.01.10"]
[SourceVersion "1"]
[SourceVersionDate "2024.01.10"]
[SourceQuality "1"]

1. d4 Nf6 2. c4 e6 3. Nf3 c5 4. d5 b5 5. Bg5 exd5 6. cxd5 d6 7. e4 a6 8. a4 h6 9. Bxf6 Qxf6 10. axb5 Qxb2 11. Nbd2 Be7 12. Rb1 Qc3 13. b6 Bb7 14. Qb3 Qxb3 15. Rxb3 0-0 16. Nc4 a5 17. Be2 Nd7 18. 0-0 f5 19. exf5 Rxf5 20. Rb5 a4 21. Ra1 Rff8 22. Na5 Bxd5 23. Rd1 Be4 24. Nd2 Bc2 25. Rc1 Bg6 26. Bc4+ Kh8 27. Nc6 Bg5 28. b7 Rae8 29. Rb2 Be4 30. Bb5 a3 31. Ra2 Bd5 32. Rac2 a2 33. Na5 Re7 34. Rd1 Bf6 35. Ndb3 Be4 36. Rxa2 Nb8 37. Re2 Rff7 38. Nxc5 Bc3 39. Nxe4 Bxa5 40. Nxd6 Rxe2 41. Nxf7+ Kg8 42. Nxh6+ gxh6 43. Bxe2 Kf7 44. Rc1 Ke7 45. Rc8 Nd7 46. b8R 1-0

[Event "FRA-chT2S 9798"]
[Site "France"]
[Date "1998.??.??"]
[Round "5"]
[White "Bibikoff, Michel"]
[Black "Mallet, Lionel"]
[Result "1-0"]
[WhiteElo "1970"]
[BlackElo "2080"]
[PlyCount "57"]
[EventDate "1997.??.??"]
[EventType "team"]
[EventRounds "9"]
[EventCountry "FRA"]
[SourceTitle "EXT 2003"]
[Source "ChessBase"]
[SourceDate "2002.11.25"]
[SourceVersion "1"]
[SourceVersionDate "2002.11.25"]
[SourceQuality "1"]

1. Nf3 d5 2. c4 Nf6 3. cxd5 Nxd5 4. e4 Nb6 5. d4 g6 6. Be3 Bg7 7. Nc3 Bg4 8. Be2 0-0 9. 0-0 Nc6 10. d5 Bxf3 11. Bxf3 Ne5 12. Be2 c6 13. Qb3 Rc8 14. Rad1 Qc7 15. Rc1 Rb8 16. Rfd1 Kh8 17. Nb5 Qd7 18. dxc6 Qe6 19. Qxe6 fxe6 20. c7 Ra8 21. Nxa7 Rxa7 22. Bxb6 Raa8 23. Rd8 Nc6 24. Rxa8 Rxa8 25. Rd1 Bxb2 26. Bb5 Be5 27. Bxc6 Bxc7 28. Bxc7 bxc6 29. Rd8+ 1-0

[Event "Cannes Martinez op"]
[Site "Cannes"]
[Date "1996.??.??"]
[Round "3"]
[White "Laurain, Dominique"]
[Black "Mallet, Lionel"]
[Result "1/2-1/2"]
[WhiteElo "2140"]
[BlackElo "2065"]
[PlyCount "60"]
[EventDate "1996.08.??"]
[EventType "swiss"]
[EventRounds "9"]
[EventCountry "FRA"]
[SourceTitle "EXT 1998"]
[Source "ChessBase"]
[SourceDate "1997.11.17"]
[SourceVersion "1"]
[SourceVersionDate "1997.11.17"]
[SourceQuality "1"]

1. d4 Nf6 2. c4 g6 3. Nc3 d5 4. cxd5 Nxd5 5. e4 Nxc3 6. bxc3 Bg7 7. Nf3 c5 8. Be2 0-0 9. Rb1 cxd4 10. cxd4 Qa5+ 11. Bd2 Qxa2 12. 0-0 a5 13. h3 Nc6 14. Bc3 Qa3 15. Qd2 Rd8 16. Qe3 e6 17. Rfd1 Qf8 18. g4 Rb8 19. Bc4 Bd7 20. d5 exd5 21. Bxd5 Bxc3 22. Qxc3 Nb4 23. Ne5 Be8 24. g5 Qg7 25. Qg3 Nxd5 26. Rxd5 Rxd5 27. exd5 Rd8 28. Ng4 Kh8 29. Nf6 Qf8 30. Rxb7 h5 1/2-1/2

[Event "Cannes Martinez op"]
[Site "Cannes"]
[Date "1996.??.??"]
[Round "6"]
[White "Mallet, Lionel"]
[Black "Szylar, Eric"]
[Result "1-0"]
[WhiteElo "2065"]
[BlackElo "2160"]
[PlyCount "85"]
[EventDate "1996.08.??"]
[EventType "swiss"]
[EventRounds "9"]
[EventCountry "FRA"]
[SourceTitle "EXT 1998"]
[Source "ChessBase"]
[SourceDate "1997.11.17"]
[SourceVersion "1"]
[SourceVersionDate "1997.11.17"]
[SourceQuality "1"]

1. d4 Nf6 2. Nf3 g6 3. c4 Bg7 4. Nc3 0-0 5. e4 d6 6. Be2 e5 7. Be3 exd4 8. Nxd4 Re8 9. f3 c6 10. Nc2 Qe7 11. Qd2 Nbd7 12. Rd1 Bf8 13. 0-0 Ne5 14. Rfe1 b6 15. Bf1 Bb7 16. Bg5 Rad8 17. Qf4 Bg7 18. Qh4 Ned7 19. Ne3 Qe5 20. Bf4 Qa5 21. Bxd6 b5 22. a3 a6 23. Kh1 Ne5 24. f4 Nxc4 25. Bxc4 bxc4 26. e5 Rxd6 27. Rxd6 Nd5 28. Nxc4 Qc5 29. Rd8 Rxd8 30. Qxd8+ Bf8 31. Nxd5 cxd5 32. Nd6 Bc6 33. Qf6 Bxd6 34. Qxd6 Qc2 35. Qd8+ Kg7 36. Qf6+ Kg8 37. e6 fxe6 38. Qxe6+ Kf8 39. Qe7+ Kg8 40. Qd8+ Kg7 41. Re7+ Kh6 42. Qf8+ Kh5 43. Re5+ 1-0

[Event "FRA-ch Accession"]
[Site "Chambery"]
[Date "1994.??.??"]
[Round "2"]
[White "Mallet, Lionel"]
[Black "Manouck, Thierry"]
[Result "0-1"]
[WhiteElo "2045"]
[BlackElo "2285"]
[PlyCount "122"]
[EventDate "1994.??.??"]
[EventType "swiss"]
[EventRounds "11"]
[EventCountry "FRA"]
[SourceTitle "EXT 2004"]
[Source "ChessBase"]
[SourceDate "2003.11.25"]
[SourceVersion "1"]
[SourceVersionDate "2003.11.25"]
[SourceQuality "1"]

1. d4 d6 2. c4 Nf6 3. Nc3 Nbd7 4. e4 e5 5. Nf3 c6 6. Be2 Be7 7. 0-0 0-0 8. Re1 a6 9. a4 a5 10. Bf1 Re8 11. b3 Bf8 12. Bb2 Qc7 13. Qc2 exd4 14. Nxd4 Nc5 15. Rad1 Bd7 16. Bc1 h6 17. f3 Rad8 18. Be3 g6 19. Nde2 Qb6 20. Rb1 Bc8 21. Bf2 Nfd7 22. Nf4 Bg7 23. Nd3 Qc7 24. Rbd1 Nxd3 25. Bxd3 Nc5 26. Bf1 Qb6 27. Rb1 f5 28. Bd3 Qb4 29. Na2 Qa3 30. Nc3 f4 31. Ne2 Be5 32. Nc1 Be6 33. Bf1 g5 34. Nd3 Nxd3 35. Bxd3 Qb4 36. Red1 Kf7 37. Kf1 c5 38. Be1 Qb6 39. Bc3 Qc7 40. Be2 Kf8 41. Rd3 b6 42. Rbd1 Qg7 43. Qb2 Bxc3 44. Qxc3 Qxc3 45. Rxc3 Ke7 46. Kf2 Kf6 47. Rcc1 Ke5 48. Ke1 h5 49. Kd2 g4 50. Kc3 Rg8 51. Rd2 Rg6 52. Rcc2 Rh8 53. Kd3 h4 54. Bf1 h3 55. gxh3 gxf3 56. Rf2 Bxh3 57. Kc3 Bxf1 58. Rxf1 Rg2 59. Rxf3 Rxc2+ 60. Kxc2 Rxh2+ 61. Kd3 Rb2 0-1

[Event "FRA-ch Accession"]
[Site "Chambery"]
[Date "1994.??.??"]
[Round "6"]
[White "Roos, Michel"]
[Black "Mallet, Lionel"]
[Result "1/2-1/2"]
[WhiteElo "2205"]
[BlackElo "2045"]
[PlyCount "39"]
[EventDate "1994.??.??"]
[EventType "swiss"]
[EventRounds "11"]
[EventCountry "FRA"]
[SourceTitle "EXT 2004"]
[Source "ChessBase"]
[SourceDate "2003.11.25"]
[SourceVersion "1"]
[SourceVersionDate "2003.11.25"]
[SourceQuality "1"]

1. c4 c5 2. Nc3 Nf6 3. g3 g6 4. Bg2 Bg7 5. Nf3 0-0 6. d4 cxd4 7. Nxd4 Nc6 8. 0-0 Ng4 9. e3 Nge5 10. b3 d6 11. Nxc6 bxc6 12. Bb2 Bg4 13. f3 Bf5 14. e4 Bd7 15. Qd2 Rb8 16. Kh1 c5 17. f4 Nc6 18. Ne2 Bxb2 19. Qxb2 e5 20. Qd2 1/2-1/2